Datum a čas kvízu
18
Celkem bodů
Celkový počet nahraných bodů na tomto kvízu bez doplňovacích otázek.
9.
Pořadí na kvízu
Konečné umístění týmu na tomto kvízu.
Zaznamenané odpovědi
| # | Otázka | Odpověď | Body | Výsledky |
|---|---|---|---|---|
| 1. | Ve vládě premiéra Petra Fialy... | Helena Langšádlová | 1 | |
| 2. | Posádka tureckých nízkonáklado... | Britové | 0 | |
| 3. | Fanoušci seriálu Simpsonovi sm... | Larry | 0 | |
| 4. | Minulý týden jsme se dozvěděli... | Datart | 1 | |
| 5. | Jak se jmenuje hokejista, kter... | David Cienciala | 1 | |
| 6. | Sugo all'amatriciana patří mez... | guanciale; pecorino | 0 | |
| 7. | Napište zakrytou značku zobraz... | Kikkoman | 0 | |
| 8. | Když se řekne omáčka, určitě s... | 15 | 0 | |
| 9. | Město Worcester dalo jméno jed... | C; ločidlo | 0 | |
| 10. | Jak se označuje tato omáčka (z... | holandská omáčka; vejce Benedikt | 1 |